| 000 | 00690cam a22002415a 4500 | ||
|---|---|---|---|
| 999 |
_c27451 _d27422 |
||
| 005 | 20190518093758.0 | ||
| 008 | 880907t1988 enka fr 001 0 eng d | ||
| 020 | _a0273029576 | ||
| 020 | _a9780273029571 | ||
| 040 |
_aUk _beng _cUk _dEG-ScBUE _dEG-ScBUE |
||
| 043 | _ae-uk--- | ||
| 082 | 0 | 4 |
_a658.87080941 _bHAL _222 |
| 100 | 1 |
_aHall, Peter, _d1948- |
|
| 245 | 1 | 0 |
_aFranchising / _cPeter Hall and Rob Dixon. |
| 260 |
_aLondon : _bPitman, _cc.1988. |
||
| 300 |
_aix,164 p. : _bill. ; _c20 cm. |
||
| 500 | _aIncludes index. | ||
| 650 | 7 |
_aFranchises (Retail trade) _zGreat Britain. _2BUEsh |
|
| 651 | _2BUEsh | ||
| 653 |
_bBUSECO _cMay2019 |
||
| 700 | 1 |
_aDixon, Rob, _d1954- |
|
| 942 | _2ddc | ||